| 000 | 00984nam a2200349 a 4500 | ||
|---|---|---|---|
| 003 | AR-BaBNM | ||
| 005 | 20251128204418.0 | ||
| 008 | 082120s2002 ||||||||||||||000 | spa|| | ||
| 020 | _a950-25-1303-7 | ||
| 040 | _cAR-BaBNM | ||
| 100 | 1 | _aFajnzylber, Fernando | |
| 245 | 0 | 0 | _aLa industrialización trunca de América Latina |
| 260 |
_aBuenos Aires _bCentro Editor de América Latina _bCentro de economía transnacional _c1984 |
||
| 300 |
_a359 p. _btablas |
||
| 490 | 0 | _aBibliotecas universitarias | |
| 504 | _aBibliografía para consultar p. 334-353 | ||
| 650 | 4 | _aECONOMIA | |
| 650 | 4 | _aHISTORIA LATINOAMERICANA | |
| 650 | 4 | _aHISTORIA ECONOMICA | |
| 650 | 4 | _aINDUSTRIALIZACION | |
| 650 | 4 | _aINDUSTRIA | |
| 650 | 4 | _aSOCIOLOGIA INDUSTRIAL | |
| 650 | 4 | _aDINERO | |
| 650 | 4 | _aTRABAJO | |
| 650 | 4 | _aCREDITO | |
| 650 | 4 | _aEMPRESAS | |
| 650 | 4 | _aECONOMIA | |
| 653 | _aECONOMIA POLITICA | ||
| 800 | 1 |
_aToubes, Amanda _edirector |
|
| 942 | _cBK | ||
| 998 | _cmariana | ||
| 999 |
_c7351 _d7351 |
||